| 000 | 00532nam a2200169 i 4500 | ||
|---|---|---|---|
| 001 | 141694 | ||
| 003 | ES-MaACL | ||
| 005 | 20230906200340.0 | ||
| 007 | t| | ||
| 008 | 070926s1968 sp ||||1| spa d | ||
| 100 | 1 |
_aVoyenne, Bernard. _9115755 |
|
| 245 | 1 | 3 |
_aLa prensa en la sociedad contemporánea / _cBernard Voyenne ; traducido por J. L. Martín Martínez. |
| 260 |
_aMadrid : _bEditora Nacional, _c1968. |
||
| 300 |
_a287 p. ; _c24 cm. |
||
| 700 | 1 |
_aMartín Martínez, J. L. _977560 |
|
| 852 |
_aES-MaACL _jC-34913 _bR.68024 |
||
| 999 |
_c141694 _d141694 |
||